000 01485cam a2200229 4500500
005 20260412000640.0
041 _afre
042 _adc
100 1 0 _aNoël-Lemaître, Christine
_eauthor
700 1 0 _aDi Ruzza, Renato
_eauthor
245 0 0 _aWeil critique du marxisme : leçons pour repenser l'organisation du travail
260 _c2014.
500 _a43
520 _aWeil as a Critic of Marxism: Lessons for a Reappraisal of the Question of the Organization of WorkSimone Weil was a sustained and trenchant critic of Marxism from 1930 till her death. In her writings as a philosopher she proposes a rereading of the Marxist analysis of the alienation of work, pointing to the inadequacies and illusions of Marx’s project. Whereas Marx locates the origins of alienation (defined as the human subject’s incapacity to comprehend its work) in the structure of the capitalist market, Weil is convinced that alienation stems from the very nature of the organization of work. The points of convergence between Marx and Weil are essential to an understanding of the philosophy of Simone Weil and to a fuller grasp of its originality and current relevance.
690 _aalienation
690 _aexploitation
690 _afree thought
690 _arevolution
690 _awork organization
786 0 _nActuel Marx | 56 | 2 | 2014-11-03 | p. 133-146 | 0994-4524
856 4 1 _uhttps://shs.cairn.info/revue-actuel-marx-2014-2-page-133?lang=fr&redirect-ssocas=7080
999 _c2210674
_d2210674